[Event "Noale Szabados Memorial-B 3rd"]
[Site "Noale"]
[Date "2010.02.07"]
[Round "4"]
[White "Bortolotto, Denzio"]
[Black "Fracasso Pezzolato, Michele"]
[Result "1-0"]
[WhiteElo "1717"]
[BlackElo "1789"]
[PlyCount "64"]
[EventDate "2010.02.05"]
[EventType "swiss"]
[EventRounds "5"]
[EventCountry "ITA"]
[SourceTitle "EXT 2022"]
[Source "ChessBase"]
[SourceDate "2021.10.06"]
[SourceVersion "1"]
[SourceVersionDate "2021.10.06"]
[SourceQuality "1"]

1. e4 c5 2. Nc3 d6 3. g3 Nf6 4. Bg2 e5 5. d3 Be6 6. f4 Bd7 7. Nf3 Qc7 8. 0-0 Be7 9. h3 exf4 10. gxf4 Nc6 11. Ne2 0-0-0 12. c4 g6 13. a3 Nh5 14. b4 f5 15. b5 Na5 16. e5 dxe5 17. fxe5 Be6 18. Qc2 Rhg8 19. Bd2 g5 20. Bxa5 Qxa5 21. d4 g4 22. hxg4 fxg4 23. Qe4 gxf3 24. Qxf3 Qc7 25. d5 Bg4 26. Qe4 Bxe2 27. d6 Rxg2+ 28. Qxg2 Bxf1 29. Rxf1 Bxd6 30. exd6 Qg7 31. Qxg7 Nxg7 32. Rf7 Ne6 1-0

[Event "Padova op-A 12th"]
[Site "Padova"]
[Date "2009.12.15"]
[Round "4.16"]
[White "Battagin, Mose"]
[Black "Fracasso Pezzolato, Michele"]
[Result "1-0"]
[WhiteElo "1916"]
[BlackElo "1832"]
[PlyCount "53"]
[EventDate "2009.12.13"]
[EventType "swiss"]
[EventRounds "9"]
[EventCountry "ITA"]
[SourceTitle "EXT 2024"]
[Source "ChessBase"]
[SourceDate "2023.10.10"]
[SourceVersion "1"]
[SourceVersionDate "2023.10.10"]
[SourceQuality "1"]

1. e4 e6 2. d3 Nc6 3. Nf3 b6 4. g3 Bb7 5. Bg2 d6 6. c3 Nge7 7. d4 f5 8. exf5 Nxf5 9. 0-0 Qd7 10. Nbd2 0-0-0 11. b4 Be7 12. Nc4 Bf6 13. b5 Nb8 14. a4 a5 15. bxa6 Bxa6 16. Qb3 Nc6 17. a5 b5 18. Ne3 d5 19. Re1 Nd6 20. Nd2 Rde8 21. Bh3 b4 22. Nxd5 bxc3 23. Nxf6 gxf6 24. Qxc3 Nb5 25. Qc5 Qxd4 26. Qxc6 Qxa1 27. Qxa6+ 1-0

[Event "Veneto-ch qf 68th"]
[Site "Arqua Petrarca"]
[Date "2008.05.17"]
[Round "4.16"]
[White "Fracasso Pezzolato, Michele"]
[Black "Belloni, Umberto"]
[Result "0-1"]
[WhiteElo "1855"]
[BlackElo "1876"]
[PlyCount "24"]
[EventDate "2008.05.10"]
[EventType "swiss"]
[EventRounds "6"]
[EventCountry "ITA"]
[SourceTitle "EXT 2024"]
[Source "ChessBase"]
[SourceDate "2023.10.10"]
[SourceVersion "1"]
[SourceVersionDate "2023.10.10"]
[SourceQuality "1"]

1. e4 e6 2. d4 d5 3. Nc3 dxe4 4. Nxe4 Nf6 5. f3 Nxe4 6. fxe4 Qh4+ 7. Kd2 Qxe4 8. Nf3 g6 9. Bd3 Bh6+ 10. Kc3 Qc6+ 11. Kb3 Qb6+ 12. Ka3 Bf8+ 0-1

[Event "Padova Weekend op-B 8th"]
[Site "Padova"]
[Date "2005.12.18"]
[Round "6.15"]
[White "Busi, Massimo"]
[Black "Fracasso Pezzolato, Michele"]
[Result "0-1"]
[WhiteElo "1849"]
[BlackElo "1799"]
[PlyCount "24"]
[EventDate "2005.12.10"]
[EventType "swiss"]
[EventRounds "6"]
[EventCountry "ITA"]
[SourceTitle "EXT 2024"]
[Source "ChessBase"]
[SourceDate "2023.10.10"]
[SourceVersion "1"]
[SourceVersionDate "2023.10.10"]
[SourceQuality "1"]

1. e4 g6 2. d4 Bg7 3. Be3 d6 4. h3 Nf6 5. Nc3 0-0 6. Bd3 e5 7. dxe5 dxe5 8. Qd2 Nc6 9. a3 Nd4 10. Nge2 c5 11. f4 Nh5 12. g4 Nf3+ 0-1

[Event "Alta Padovana op-B 5th"]
[Site "Loreggia"]
[Date "2005.02.26"]
[Round "2"]
[White "Fracasso Pezzolato, Michele"]
[Black "Porta, Federico"]
[Result "0-1"]
[WhiteElo "1685"]
[BlackElo "1781"]
[PlyCount "70"]
[EventDate "2005.02.25"]
[EventType "swiss"]
[EventRounds "5"]
[EventCountry "ITA"]
[SourceTitle "EXT 2024"]
[Source "ChessBase"]
[SourceDate "2023.10.10"]
[SourceVersion "1"]
[SourceVersionDate "2023.10.10"]
[SourceQuality "1"]

1. e4 d5 2. exd5 Qxd5 3. Nc3 Qa5 4. Bc4 Nf6 5. d3 c6 6. Nge2 Bf5 7. 0-0 Nbd7 8. b4 Qc7 9. Nd4 Bg4 10. f3 Bh5 11. Qe2 0-0-0 12. b5 Nb6 13. Qf2 c5 14. Nb3 e6 15. Be3 Bd6 16. g3 Be5 17. Bd2 Nbd5 18. Bxd5 Nxd5 19. Nxd5 Rxd5 20. Rab1 Bg6 21. Be3 b6 22. d4 cxd4 23. Nxd4 Bxd4 24. Bxd4 Rhd8 25. Be3 Kb7 26. Rb2 Qc3 27. Rb3 Qxc2 28. Qxc2 Bxc2 29. Rc3 Bd3 30. Rfc1 R8d7 31. a4 Be2 32. Kf2 Bd3 33. Rc8 Rd8 34. Rxd8 Rxd8 35. Rd1 Rd5 0-1

[Event "Veneto-ch qf 63rd"]
[Site "Arqua Petrarca"]
[Date "2003.05.11"]
[Round "6.20"]
[White "Gallo, Carlo"]
[Black "Fracasso Pezzolato, Michele"]
[Result "1-0"]
[WhiteElo "1678"]
[BlackElo "1630"]
[PlyCount "111"]
[EventDate "2003.05.03"]
[EventType "swiss"]
[EventRounds "6"]
[EventCountry "ITA"]
[SourceTitle "EXT 2024"]
[Source "ChessBase"]
[SourceDate "2023.10.10"]
[SourceVersion "1"]
[SourceVersionDate "2023.10.10"]
[SourceQuality "1"]

1. c4 Nf6 2. Nc3 e6 3. e4 d5 4. e5 d4 5. exf6 dxc3 6. bxc3 Qxf6 7. d4 b6 8. Nf3 h6 9. Be2 Bb7 10. 0-0 Bd6 11. Re1 0-0 12. Qc2 Nd7 13. a4 a5 14. Be3 Qe7 15. Nd2 f5 16. Bf3 Bxf3 17. Nxf3 Nf6 18. c5 bxc5 19. dxc5 Bxc5 20. Bxc5 Qxc5 21. Rxe6 Ne4 22. Rc1 Rfe8 23. Rxe8+ Rxe8 24. Nd4 Nxc3 25. g3 Qxd4 26. Qxc3 Qxc3 27. Rxc3 Re4 28. Rxc7 Rxa4 29. Rc5 g6 30. Kg2 Kf7 31. h4 Ra1 32. Kf3 a4 33. h5 a3 34. hxg6+ Kxg6 35. Kf4 a2 36. Ra5 Kf6 37. Ra6+ Ke7 38. Kxf5 Kd7 39. Kg6 Kc7 40. f4 Kb7 41. Ra3 Rg1 42. Rxa2 Rxg3+ 43. Kxh6 Kc7 44. Rd2 Rf3 45. Kg5 Rg3+ 46. Kf6 Rf3 47. f5 Kc8 48. Kg6 Rg3+ 49. Kf7 Rf3 50. f6 Re3 51. Rd5 Kc7 52. Kg6 Re6 53. Kg7 Kc6 54. Rf5 Kd7 55. f7 Re7 56. Kg8 1-0

[Event "Veneto-ch qf 63rd"]
[Site "Arqua Petrarca"]
[Date "2003.05.04"]
[Round "3.14"]
[White "Fracasso Pezzolato, Michele"]
[Black "Trangoni, Bruno"]
[Result "1/2-1/2"]
[WhiteElo "1630"]
[BlackElo "1725"]
[PlyCount "97"]
[EventDate "2003.05.03"]
[EventType "swiss"]
[EventRounds "6"]
[EventCountry "ITA"]
[SourceTitle "EXT 2024"]
[Source "ChessBase"]
[SourceDate "2023.10.10"]
[SourceVersion "1"]
[SourceVersionDate "2023.10.10"]
[SourceQuality "1"]

1. e4 e5 2. Nf3 Nc6 3. d4 exd4 4. Nxd4 Qh4 5. Nc3 Bb4 6. Qd3 Nf6 7. Nxc6 dxc6 8. Bd2 Bg4 9. g3 Qh5 10. Bg2 Rd8 11. Qe3 Bc5 12. Qg5 0-0 13. Qxh5 Bxh5 14. f3 Nd7 15. g4 Bg6 16. f4 f6 17. 0-0-0 Rfe8 18. h4 Nb6 19. h5 Bf7 20. b3 Re7 21. Ne2 Red7 22. c3 a5 23. Kc2 a4 24. c4 Ba3 25. Bc3 h6 26. Nd4 Bc5 27. Nf5 Be6 28. Rxd7 Rxd7 29. e5 Kf7 30. Be4 Bf8 31. Ne3 Rd8 32. f5 Bc8 33. e6+ Ke8 34. b4 c5 35. b5 Bd6 36. Rd1 Bf4 37. Nd5 Nxc4 38. Rd3 Bd6 39. Ne3 Na3+ 40. Kb2 Nxb5 41. Nc4 a3+ 42. Kb3 Nxc3 43. Nxd6+ cxd6 44. Rxc3 d5 45. Bf3 b6 46. Kxa3 Bb7 47. Rb3 Ra8+ 48. Kb2 Ra6 49. Rd3 1/2-1/2

[Event "Veneto-ch qf 63rd"]
[Site "Arqua Petrarca"]
[Date "2003.05.03"]
[Round "1.7"]
[White "Fracasso Pezzolato, Michele"]
[Black "Fregonese, Giulio"]
[Result "0-1"]
[WhiteElo "1630"]
[BlackElo "2136"]
[PlyCount "56"]
[EventDate "2003.05.03"]
[EventType "swiss"]
[EventRounds "6"]
[EventCountry "ITA"]
[SourceTitle "EXT 2024"]
[Source "ChessBase"]
[SourceDate "2023.10.10"]
[SourceVersion "1"]
[SourceVersionDate "2023.10.10"]
[SourceQuality "1"]

1. e4 e5 2. Nf3 Nc6 3. d4 exd4 4. Nxd4 Nf6 5. Nxc6 bxc6 6. Nc3 Bb4 7. Bd3 d5 8. 0-0 Bxc3 9. bxc3 dxe4 10. Re1 0-0 11. Bc4 Qe7 12. Bg5 Bf5 13. f3 Rad8 14. Qe2 Rfe8 15. fxe4 Qxe4 16. Qxe4 Bxe4 17. Re2 Bd5 18. Bd3 Rxe2 19. Bxe2 Re8 20. Bd3 Ng4 21. c4 Be6 22. Bf4 Bxc4 23. Bxc4 Re4 24. Rb1 Kf8 25. Bg5 f6 26. Rb8+ Ke7 27. Bxf6+ gxf6 28. Rh8 Rxc4 0-1

[Event "Padova op 4th"]
[Site "Padova"]
[Date "2001.12.16"]
[Round "3"]
[White "Cecchetto, Vanni"]
[Black "Fracasso Pezzolato, Michele"]
[Result "1-0"]
[WhiteElo "2062"]
[BlackElo "1585"]
[PlyCount "81"]
[EventDate "2001.12.15"]
[EventType "swiss"]
[EventRounds "6"]
[EventCountry "ITA"]
[SourceTitle "EXT 2024"]
[Source "ChessBase"]
[SourceDate "2023.10.10"]
[SourceVersion "1"]
[SourceVersionDate "2023.10.10"]
[SourceQuality "1"]

1. d4 Nf6 2. c4 g6 3. Nc3 Bg7 4. Nf3 d5 5. cxd5 Nxd5 6. Bd2 Bg4 7. e3 0-0 8. Be2 Nc6 9. 0-0 e6 10. a3 Qd7 11. h3 Bf5 12. Re1 e5 13. dxe5 Nxe5 14. Nxe5 Bxe5 15. Bf3 Nf6 16. e4 Be6 17. Qe2 Bxh3 18. gxh3 Qxh3 19. Bg2 Qh4 20. f4 Bxf4 21. Bxf4 Qxf4 22. Rf1 Qg5 23. Rae1 Ng4 24. Qf3 Qh5 25. Rf2 Qh2+ 26. Kf1 Nxf2 27. Qxf2 Rad8 28. Nd5 Qe5 29. Re3 f5 30. exf5 Qd4 31. Ne7+ Kg7 32. Bf3 Qc4+ 33. Kg2 gxf5 34. Qg3+ Kh6 35. Rc3 Rd2+ 36. Kh3 Qf1+ 37. Bg2 Qf2 38. Ng8+ Rxg8 39. Qxg8 Rxb2 40. Rg3 Qd2 41. Qg7+ 1-0